000 nam a22 7a 4500
999 _c9233
_d9233
008 180124b ||||| |||| 00| 0 eng d
100 _95492
_aARORA.A ET AL
245 _aCOMPUTER SCIENCE BOOK VI,VII,VIII
260 _aNEW DELHI
_bVIVA EDUCATION
_c2015